000 00883nab a2200253uu 4500
001 14202
003 HDC
007 cr aa aaaau
008 210214p2007 my ||||| |||| 00| 0 eng d
040 _aHDC
100 _aHaliza Abdul Aziz
_eauthor
_914797
245 0 _aPalm-based Esterquats as an Active Ingredient in Fabric Softeners / by
_cHaliza Abdul Aziz
260 _aKuala Lumpur :
_bMalaysian Palm Oil Board,
_c2007
300 _a1 online resource ( 7 pages )
336 _atext
_2rdacontent
337 _acomputer
_2rdamedia
338 _aonline resource
_2rdacarrier
650 _aEsterquats
_914799
650 _aFabric Softeners
_914798
856 _zRequest full-text at [email protected]
942 _2lcc
942 _cAR
942 _kJART 003387
999 _c11518
_d11518